2024 Texas Longhorns Football Starters - Statistics

General Stats
  • This quiz has been taken 127 times
  • The average score is 10 of 25
Answer Stats
Hint Answer % Correct
Quarterback Quinn Ewers
99%
Wide Receiver Isaiah Bond
85%
Wide Receiver Matthew Golden
84%
Running Back CJ Baxter
78%
Wide Receiver Silas Bolden
65%
Left Tackle Kelvin Banks
58%
Weak side Linebacker Anthony Hill Jr
57%
Center Jake Majors
50%
Sam Linebacker Trey Moore
47%
Right Tackle Cameron Williams
44%
Strong Safety Derek Williams
44%
Tight End Amari Niblack
40%
Right Defensive Tackle Alfred Collins
36%
Kicker Will Stone
35%
Free Safety Andrew Mukuba
30%
Buck End Ethan Burke
28%
Cornerback Malik Muhammad
28%
Right Guard DJ Campbell
27%
Left Guard Hayden Conner
26%
Jack End Barryn Sorrell
22%
Left Defensive Tackle Vernon Broughton
22%
Punter Michael Kern
19%
Cornerback Terrance Brooks
5%
Nose Tackle Tiaoalii Savea
3%
Mike Linebacker Kendrick Blackshire
0%
No matching quizzes found
Score Distribution
Percent of People with Each Score
Percentile by Number Answered
Your Score History
You have not taken this quiz